| 000 | 00986nas a2200301 4500 | ||
|---|---|---|---|
| 001 | BR8600793 | ||
| 003 | BR-BrBNA | ||
| 005 | 20231205090344.0 | ||
| 007 | ta | ||
| 008 | 230509b bl.|||p| |||| 00| 00por d | ||
| 040 |
_aBR-BrBNA _bpor _cBiblioteca Nacional de Agricultura |
||
| 041 | _a(Pt) | ||
| 072 | _aF01 | ||
| 100 | 1 | _aLucchesi, A.A. | |
| 100 | 1 | _aMinami, K. | |
| 100 | 1 | _aYang, W.M. | |
| 100 | 1 | _aSumi, R.A. | |
| 100 | 1 | _aMendes, G.R. | |
| 245 | 1 | _aFlorescimento e producao de sementes de cenoura (Daucus carota L.)sob a influencia do acido giberelico | |
| 246 | 1 | _aFlowering and seed production of carrot (Daucus carota L.)under gibberelic acid influence | |
| 650 | _aCENOURA | ||
| 650 | _aSEMENTE | ||
| 650 | _aACIDO GIBERELICO | ||
| 650 | _aFLORACAO | ||
| 773 | 0 |
_tAnais da Escola Superior de Agricultura Luiz de Queiroz (Brazil) _xISSN 0071-1276 _g(1983), v. 40(1) p. 437-445 _wBR8600793 |
|
| 909 |
_a202311 _bLúcia _c55 _dLúcia Elande |
||
| 942 |
_2AGRIS _n0 _cANA |
||
| 999 |
_c117837 _d117837 |
||